| 000 | 00709nam a2200205 i 4500 | ||
|---|---|---|---|
| 001 | 91705 | ||
| 003 | ES-MaACL | ||
| 005 | 20250809063509.0 | ||
| 007 | t| | ||
| 008 | 050208s1995 sp ||||1| spa d | ||
| 080 | _a284(460.12) | ||
| 100 | 1 |
_aVilar, Juan Bautista, _d1941-2018 _9114797 |
|
| 245 | 1 | 0 |
_aPropaganda protestante en Asturias a mediados del siglo XIX / _cJuan Bautista Vilar. |
| 260 |
_aSalamanca : _bUniversidad Pontificia, _c1995. |
||
| 300 |
_ap. 341-350 ; _c21 cm. |
||
| 500 | _aSeparata de: Diálogo Ecuménico, Vol. XXX, fasc. 3 septiembre-diciembre 1995. | ||
| 650 | 1 | 4 |
_aProtestantismo- _zAsturias. _916519 |
| 852 |
_aES-MaACL _j2186-F-11 _bR.135350 |
||
| 999 |
_c91705 _d91705 |
||